[Event "Sveins 6. Minneturnering"]
[Site "Oslo"]
[Date "2013.06.21"]
[Round "1"]
[White "Hebden, Mark L"]
[Black "Gonzalez, Francisco Silva"]
[Result "1-0"]
[WhiteElo "2548"]
[BlackElo "2050"]
[PlyCount "57"]
[EventDate "2013.??.??"]

1. e4 e5 2. Bc4 Bc5 3. d4 Bxd4 4. Nf3 Nc6 5. Nxd4 Nxd4 6. O-O d6 7. f4 Be6 8.
Na3 Nf6 9. fxe5 dxe5 10. Bg5 Qe7 11. c3 Bxc4 12. Nxc4 Ne6 13. Bxf6 gxf6 14. b4
h5 15. Ne3 c6 16. Nf5 Qc7 17. Nd6+ Ke7 18. Nf5+ Kf8 19. Qe1 Nf4 20. g3 Ng6 21.
Rd1 h4 22. Rd6 hxg3 23. hxg3 Ne7 24. Qd2 Nxf5 25. Rxf5 Re8 26. Rfxf6 Rh5 27.
Rd7 Qb6+ 28. Kg2 Rh7 29. Rfxf7+
1-0

[Event "Sveins 6. Minneturnering"]
[Site "Oslo"]
[Date "2013.06.21"]
[Round "1"]
[White "Haug, Johannes"]
[Black "Hillarp, Tiger"]
[Result "0-1"]
[WhiteElo "2050"]
[BlackElo "2517"]
[PlyCount "82"]
[EventDate "2013.??.??"]

1. c4 f5 2. d4 Nf6 3. Nc3 e6 4. Nf3 Bb4 5. Bf4 O-O 6. e3 d6 7. Be2 Qe7 8. O-O
Bxc3 9. bxc3 Nc6 10. Qb3 e5 11. Bg3 Ne4 12. c5+ Kh8 13. cxd6 cxd6 14. Rfe1 Be6
15. Qa3 Qc7 16. Rad1 Bg8 17. Bb5 Nxg3 18. hxg3 e4 19. Nd2 Ne7 20. c4 Rf6 21.
Rc1 Rh6 22. c5 d5 23. Nb3 Nc6 24. Bxc6 bxc6 25. Qa6 Qf7 26. Qe2 Qg6 27. Na5 Bf7
28. Rb1 Rg8 29. Rb7 Qf6 30. Qd2 Qg5 31. Qe2 Bh5 32. Qb2 Be8 33. Qe2 Qd8 34. Qd2
g5 35. Reb1 Qf6 36. Rxa7 Qg6 37. Qe2 g4 38. Rb8 Qh5 39. f4 gxf3 40. gxf3 Qh1+
41. Kf2 Rh2#
0-1

[Event "Sveins 6. Minneturnering"]
[Site "Oslo"]
[Date "2013.06.21"]
[Round "1"]
[White "Kjøita, Henning Jakhelln"]
[Black "Ziska, Helgi Dam"]
[Result "0-1"]
[WhiteElo "2032"]
[BlackElo "2474"]
[PlyCount "46"]
[EventDate "2013.??.??"]

1. e4 c5 2. g3 Nc6 3. Bg2 g6 4. Ne2 Bg7 5. O-O d6 6. d3 e6 7. c4 Nge7 8. Nbc3
O-O 9. a3 a5 10. Rb1 b6 11. Nb5 Ba6 12. Nec3 Nd4 13. Nxd4 cxd4 14. Ne2 b5 15.
cxb5 Bxb5 16. b4 a4 17. e5 dxe5 18. Bxa8 Qxa8 19. Qd2 Qf3 20. Rd1 Bc6 21. Kf1
Qh1+ 22. Ng1 Bf3 23. Re1 Qg2#
0-1

[Event "Sveins 6. Minneturnering"]
[Site "Oslo"]
[Date "2013.06.21"]
[Round "1"]
[White "Djurhuus, Rune"]
[Black "Surender, Anil"]
[Result "1-0"]
[WhiteElo "2455"]
[BlackElo "2021"]
[PlyCount "59"]
[EventDate "2013.??.??"]

1. d4 g6 2. c4 Bg7 3. e4 d6 4. Nc3 Nc6 5. d5 Nd4 6. Be3 c5 7. dxc6 Nxc6 8. Rc1
Nf6 9. h3 Bd7 10. Nf3 O-O 11. Be2 Re8 12. O-O Qa5 13. Qd2 Rac8 14. Rfd1 a6 15.
c5 Rcd8 16. cxd6 exd6 17. Bg5 Be6 18. Qf4 Nh5 19. Qh2 f6 20. Bd2 Bf8 21. g4 Ng7
22. Nd5 Bxd5 23. Bxa5 Nxa5 24. Rxd5 Nc6 25. Bxa6 Nb4 26. Bxb7 Rb8 27. Rb5 Nd3
28. Rc3 Nc5 29. Rbxc5 dxc5 30. Bd5+
1-0

[Event "Sveins 6. Minneturnering"]
[Site "Oslo"]
[Date "2013.06.21"]
[Round "1"]
[White "Mac Arthur, John"]
[Black "Østmoe, Geir Sune Tallaksen"]
[Result "0-1"]
[WhiteElo "2013"]
[BlackElo "2444"]
[PlyCount "48"]
[EventDate "2013.??.??"]

1. e4 c6 2. d4 d5 3. exd5 cxd5 4. c4 Nf6 5. Nc3 Nc6 6. Bg5 dxc4 7. d5 Ne5 8.
Qd4 h6 9. Qxe5 hxg5 10. Bxc4 a6 11. O-O-O Ng4 12. Qd4 Qc7 13. Nf3 Qf4+ 14. Rd2
Qxd4 15. Rxd4 g6 16. d6 Bg7 17. Re4 e5 18. Nd5 Nxf2 19. Nc7+ Kd7 20. Re2 Nxh1
21. Nxa8 Kxd6 22. Rd2+ Ke7 23. Nc7 g4 24. Nd5+ Kf8
0-1

[Event "Sveins 6. Minneturnering"]
[Site "Oslo"]
[Date "2013.06.21"]
[Round "1"]
[White "Bekker-Jensen, Simon"]
[Black "Kjølberg, Jens Hjorth"]
[Result "1/2-1/2"]
[WhiteElo "2419"]
[BlackElo "2011"]
[PlyCount "82"]
[EventDate "2013.??.??"]

1. d4 Nf6 2. c4 e6 3. Nc3 Bb4 4. e3 b6 5. Nge2 Ba6 6. a3 Bxc3+ 7. Nxc3 d5 8.
Qf3 O-O 9. g4 c6 10. b3 Ne8 11. a4 Nd6 12. Ba3 Re8 13. Rc1 dxc4 14. Qg3 Nb7 15.
bxc4 Nd7 16. Bg2 Na5 17. Bb4 Nxc4 18. Bxc6 Rc8 19. Be4 Nf6 20. Bg2 Nb2 21. Rb1
Nd3+ 22. Kd2 Nxb4 23. Rxb4 Qe7 24. Rhb1 Red8 25. g5 Nd7 26. Nb5 Nb8 27. R4b3
Nc6 28. Rc3 Na5 29. Rc7 Rxc7 30. Qxc7 Qxg5 31. Ke1 Rf8 32. Qg3 Qe7 33. Qc7 Qg5
34. Qg3 Qxg3 35. hxg3 Bxb5 36. axb5 Rc8 37. Kd2 Kf8 38. Kd3 Ke7 39. g4 h6 40.
Be4 Rc7 41. f4 Nb7
1/2-1/2

[Event "Sveins 6. Minneturnering"]
[Site "Oslo"]
[Date "2013.06.21"]
[Round "1"]
[White "Johnsen, Sylvia"]
[Black "Hoi, Carsten"]
[Result "0-1"]
[WhiteElo "2010"]
[BlackElo "2392"]
[PlyCount "76"]
[EventDate "2013.??.??"]

1. e4 g6 2. d4 Bg7 3. Nc3 d6 4. Be3 c6 5. f4 Nf6 6. Nf3 b5 7. Bd3 b4 8. Ne2 O-O
9. h3 Nbd7 10. g4 c5 11. Ng3 cxd4 12. Nxd4 Nc5 13. Nc6 Qc7 14. Nxb4 Bb7 15. c3
Nfxe4 16. Nxe4 Nxe4 17. O-O a5 18. Nc2 Nc5 19. Bb5 Rab8 20. a4 Ba8 21. Qe2 Ne4
22. Kh2 d5 23. Nd4 e5 24. Nb3 f5 25. gxf5 Rxf5 26. Qg4 Rbf8 27. Rad1 exf4 28.
Bf2 Nf6 29. Qg1 Ne4 30. Bb6 Qd6 31. Rf3 Rg5 32. Bc5 Rxg1 33. Bxd6 Rxd1 34. Bxf8
Bxf8 35. Nxa5 Rd2+ 36. Kg1 Rxb2 37. Nc6 Bc5+ 38. Nd4 Nxc3
0-1

[Event "Sveins 6. Minneturnering"]
[Site "Oslo"]
[Date "2013.06.21"]
[Round "1"]
[White "Grønn, Atle"]
[Black "Djurhuus, Eivind X"]
[Result "1-0"]
[WhiteElo "2368"]
[BlackElo "1934"]
[PlyCount "55"]
[EventDate "2013.??.??"]

1. Nf3 Nf6 2. c4 c5 3. g3 g6 4. Bg2 Bg7 5. Nc3 Nc6 6. d4 cxd4 7. Nxd4 O-O 8.
O-O a6 9. e3 Qc7 10. b3 b6 11. Bb2 Bb7 12. Nde2 Ne5 13. e4 d6 14. a4 e6 15. h3
Rad8 16. Ba3 Rd7 17. Ra2 Rfd8 18. Rd2 Bf8 19. f4 Nc6 20. f5 exf5 21. exf5 Bg7
22. fxg6 hxg6 23. Rxf6 Bxf6 24. Nd5 Bg5 25. Nxc7 Bxd2 26. Nd5 Bg5 27. h4 Be7
28. Nxb6
1-0

[Event "Sveins 6. Minneturnering"]
[Site "Oslo"]
[Date "2013.06.21"]
[Round "1"]
[White "Merkesvik, Sondre"]
[Black "Getz, Nicolai"]
[Result "1/2-1/2"]
[WhiteElo "1934"]
[BlackElo "2359"]
[PlyCount "137"]
[EventDate "2013.??.??"]

1. Nf3 g6 2. g3 b6 3. Bg2 Bb7 4. O-O Bg7 5. d4 Nf6 6. c4 O-O 7. Nc3 Ne4 8. Qd3
Nxc3 9. Qxc3 c5 10. Be3 d6 11. Rfd1 Nd7 12. Rac1 Qc7 13. Qd2 Rad8 14. Bh6 Nf6
15. d5 b5 16. b3 bxc4 17. bxc4 Bxh6 18. Qxh6 Qa5 19. Ng5 Qa3 20. Bf3 Ba6 21. h4
Rb8 22. h5 Qxa2 23. Kg2 Bxc4 24. hxg6 Bxe2 25. Nxh7 Bxf3+ 26. Kxf3 Rb3+ 27. Kg2
Qxf2+ 28. Kxf2 Ng4+ 29. Ke2 Nxh6 30. Nxf8 Kxf8 31. gxf7 Nf5 32. g4 Nd4+ 33. Kf2
Kxf7 34. Ra1 Rf3+ 35. Kg2 Re3 36. Rxa7 Re5 37. Rf1+ Kg7 38. Kh3 Nb5 39. Ra8 Nc7
40. Raf8 Nxd5 41. R8f7+ Kg6 42. R7f3 Nf6 43. Rf4 d5 44. Kh4 c4 45. Rd1 c3 46.
Rf3 Ne4 47. Rfd3 e6 48. Re1 Rg5 49. Rxe4 dxe4 50. Rxc3 Rd5 51. Re3 Rd4 52. Re1
Ra4 53. Re2 Kf6 54. g5+ Kf5 55. Rf2+ Ke5 56. Kh5 e3 57. Rg2 Ra8 58. g6 Kf4 59.
g7 Rg8 60. Kh6 e5 61. Kh7 Rxg7+ 62. Kxg7 Kf3 63. Rg1 e2 64. Kf6 e4 65. Ke5 Kf2
66. Ra1 e3 67. Ke4 e1=Q 68. Rxe1 Kxe1 69. Kxe3
1/2-1/2

[Event "Sveins 6. Minneturnering"]
[Site "Oslo"]
[Date "2013.06.21"]
[Round "1"]
[White "Arvola, Benjamin"]
[Black "Langmyhr, Tore"]
[Result "1-0"]
[WhiteElo "2358"]
[BlackElo "1930"]
[PlyCount "49"]
[EventDate "2013.??.??"]

1. e4 d5 2. exd5 Nf6 3. Nf3 Nxd5 4. Bc4 Bg4 5. O-O e6 6. c3 Be7 7. Qa4+ Qd7 8.
Bb5 c6 9. Qxg4 cxb5 10. Qxg7 Bf6 11. Qh6 Nc6 12. a4 Nce7 13. d4 Nf5 14. Qh3
bxa4 15. Nbd2 Nf4 16. Qg4 Ne2+ 17. Kh1 h5 18. Qe4 Nxc1 19. Rfxc1 Rc8 20. Ne5
Bxe5 21. Qxe5 Rh6 22. Ne4 Ke7 23. Re1 b5 24. Nc5 Qd5 25. Qxd5
1-0

[Event "Sveins 6. Minneturnering"]
[Site "Oslo"]
[Date "2013.06.21"]
[Round "1"]
[White "Machlik, Monika"]
[Black "Tari, Aryan"]
[Result "0-1"]
[WhiteElo "1917"]
[BlackElo "2354"]
[PlyCount "54"]
[EventDate "2013.??.??"]

1. d4 d5 2. c4 dxc4 3. Nf3 Nf6 4. e3 b5 5. a4 b4 6. Bxc4 e6 7. O-O Be7 8. Re1
O-O 9. Nbd2 Nbd7 10. Nb3 c5 11. Qc2 Bb7 12. dxc5 Rc8 13. Rd1 Qc7 14. Qe2 Ng4
15. Nbd2 Nxc5 16. h3 Bxf3 17. Nxf3 Nxf2 18. Qxf2 Ne4 19. Qe1 Qxc4 20. Rd4 Qc2
21. Bd2 b3 22. Rd1 Bf6 23. Rd7 Bxb2 24. Bb4 Bc3 25. Bxc3 Qxc3 26. Qxc3 Nxc3 27.
R1d2 Nxa4
0-1

[Event "Sveins 6. Minneturnering"]
[Site "Oslo"]
[Date "2013.06.21"]
[Round "1"]
[White "Westerinen, Heikki M.J."]
[Black "Kjøita, Torgeir Jakhelln"]
[Result "1-0"]
[WhiteElo "2318"]
[BlackElo "1911"]
[PlyCount "121"]
[EventDate "2013.??.??"]

1. e4 e5 2. Nf3 Nc6 3. Bb5 a6 4. Ba4 Bc5 5. O-O b5 6. Bb3 d6 7. c3 Bg4 8. Bd5
Qd7 9. Bxc6 Qxc6 10. Nxe5 dxe5 11. Qxg4 Nf6 12. Qe2 Qxe4 13. Qxe4 Nxe4 14. d3
Nf6 15. Be3 Bxe3 16. fxe3 O-O-O 17. d4 Ng4 18. Rxf7 Nxe3 19. Na3 exd4 20. cxd4
b4 21. Rc1 Rxd4 22. Rcxc7+ Kd8 23. Ra7 Rd1+ 24. Kf2 Rf1+ 25. Kxe3 Re8+ 26. Kd2
Rxf7 27. Rxf7 bxa3 28. bxa3 g6 29. Rxh7 Rf8 30. Ke3 Rf5 31. Rg7 g5 32. g3 Ra5
33. Ke4 Ke8 34. Rb7 Rxa3 35. Rb2 Ra5 36. Kf3 Kf7 37. Kg4 Kg6 38. Rb6+ Kg7 39.
a4 Rxa4+ 40. Kxg5 Ra5+ 41. Kh4 Ra4+ 42. g4 a5 43. Kg5 Rc4 44. Rb7+ Kg8 45. Rb5
a4 46. Ra5 Kg7 47. h4 Rb4 48. h5 Rc4 49. h6+ Kh7 50. Kh5 Rb4 51. g5 Rb8 52. g6+
Kh8 53. h7 Kg7 54. Ra7+ Kf6 55. Kh6 a3 56. Rxa3 Kf5 57. Rf3+ Kg4 58. Rf7 Kh4
59. Kg7 Kg5 60. Ra7 Rb5 61. h8=Q
1-0

[Event "Sveins 6. Minneturnering"]
[Site "Oslo"]
[Date "2013.06.21"]
[Round "1"]
[White "Rødvik, Trym Daniel"]
[Black "Kvisvik, Brede Alex."]
[Result "0-1"]
[WhiteElo "1891"]
[BlackElo "2312"]
[PlyCount "84"]
[EventDate "2013.??.??"]

1. e4 c5 2. Nf3 d6 3. d4 cxd4 4. Nxd4 Nf6 5. Nc3 a6 6. Be3 e5 7. Nb3 Be6 8. Qe2
Nbd7 9. Rd1 b5 10. f3 h5 11. Qf2 Qc7 12. Bd3 Be7 13. O-O Rb8 14. Rfe1 Nb6 15.
Bc1 Nc4 16. Kh1 b4 17. Ne2 a5 18. Nd2 O-O 19. Nxc4 Bxc4 20. b3 Bxd3 21. cxd3
Rfc8 22. d4 a4 23. Ng3 g6 24. Nf1 axb3 25. axb3 Qc6 26. dxe5 dxe5 27. Re3 Qc2
28. Qxc2 Rxc2 29. Red3 Rbc8 30. Bg5 R8c3 31. Ne3 Rb2 32. Nc4 Rxd3 33. Nxb2 Rxb3
34. Nc4 Nxe4 35. fxe4 Bxg5 36. Nxe5 Rc3 37. Nf3 Be3 38. g3 b3 39. Rd8+ Kg7 40.
Rb8 Ba7 41. Rb7 Rxf3 42. Rxa7 b2
0-1

[Event "Sveins 6. Minneturnering"]
[Site "Oslo"]
[Date "2013.06.21"]
[Round "1"]
[White "Fernandez Siles, Luis"]
[Black "Grønn, Eskil Ekeland"]
[Result "1-0"]
[WhiteElo "2285"]
[BlackElo "1883"]
[PlyCount "61"]
[EventDate "2013.??.??"]

1. d4 Nf6 2. c4 c5 3. d5 e6 4. Nc3 exd5 5. cxd5 d6 6. e4 g6 7. f4 Bg7 8. Bb5+
Nfd7 9. a4 O-O 10. Nf3 Re8 11. O-O a6 12. Bd3 Nf6 13. h3 Nbd7 14. Re1 Nf8 15.
Bc4 N6d7 16. Qc2 Rb8 17. Be3 b5 18. axb5 Bxc3 19. bxc3 axb5 20. Bf1 Nf6 21. Bf2
Bd7 22. Bh4 c4 23. e5 Bf5 24. Qf2 dxe5 25. fxe5 Qxd5 26. Bxf6 Nd7 27. Rad1 Qc6
28. Nd4 Qb6 29. Nxf5 Qxf2+ 30. Kxf2 Nxf6 31. Nd6
1-0

[Event "Sveins 6. Minneturnering"]
[Site "Oslo"]
[Date "2013.06.21"]
[Round "1"]
[White "Østby, Martin Bergsjø"]
[Black "Salomon, Johan"]
[Result "0-1"]
[WhiteElo "1872"]
[BlackElo "2229"]
[PlyCount "46"]
[EventDate "2013.??.??"]

1. e4 c5 2. Nf3 e6 3. d4 cxd4 4. Nxd4 Nf6 5. Nc3 Nc6 6. Be3 Bb4 7. Bd3 d5 8.
Nxc6 bxc6 9. Bd2 e5 10. exd5 cxd5 11. O-O O-O 12. a3 Be7 13. Re1 e4 14. Bb5 Bc5
15. Bg5 Qb6 16. Bxf6 Bxf2+ 17. Kh1 Qxf6 18. Rf1 Qh4 19. Qe2 Bg3 20. h3 Be6 21.
Bc6 Rad8 22. Rad1 Be5 23. Nxd5 Qg3
0-1

[Event "Sveins 6. Minneturnering"]
[Site "Oslo"]
[Date "2013.06.21"]
[Round "1"]
[White "Aulin-Jansson, Jøran"]
[Black "Machlik, Jon"]
[Result "1/2-1/2"]
[WhiteElo "2222"]
[BlackElo "1837"]
[PlyCount "46"]
[EventDate "2013.??.??"]

1. e4 e5 2. Nf3 Nc6 3. Bb5 Nf6 4. O-O d6 5. d3 a6 6. Ba4 b5 7. Bb3 Na5 8. Bg5
Nxb3 9. axb3 c5 10. Nc3 Bb7 11. Nd5 Bxd5 12. exd5 Be7 13. Bxf6 Bxf6 14. Qe1 O-O
15. b4 Qb6 16. Nd2 cxb4 17. Ne4 a5 18. Nxf6+ gxf6 19. Kh1 Qd4 20. f4 Qxb2 21.
Rb1 Qxc2 22. Qh4 Qxd3 23. f5 Kg7
1/2-1/2

[Event "Sveins 6. Minneturnering"]
[Site "Oslo"]
[Date "2013.06.21"]
[Round "1"]
[White "Sætre, Roger"]
[Black "Hauge, Lars Oskar"]
[Result "0-1"]
[WhiteElo "1835"]
[BlackElo "2191"]
[PlyCount "96"]
[EventDate "2013.??.??"]

1. e4 c5 2. Nc3 Nc6 3. g3 g6 4. Bg2 Bg7 5. d3 Nf6 6. h3 d6 7. Be3 Rb8 8. Qd2 b5
9. Bh6 O-O 10. Bxg7 Kxg7 11. Nd5 e5 12. Ne2 Nxd5 13. exd5 Nd4 14. O-O b4 15.
Nxd4 cxd4 16. c4 bxc3 17. bxc3 Qa5 18. Qc2 Qa3 19. cxd4 Ba6 20. Qc1 Qxc1 21.
Rfxc1 Bxd3 22. dxe5 dxe5 23. Rc7 Rfd8 24. Rxa7 e4 25. Ra5 Rdc8 26. Bf1 Rb2 27.
Rd1 Bxf1 28. Kxf1 Rcc2 29. Re1 Rxf2+ 30. Kg1 Rg2+ 31. Kh1 Rh2+ 32. Kg1 Rbg2+
33. Kf1 Rd2 34. Kg1 Rhg2+ 35. Kh1 Rxg3 36. Rxe4 Rxh3+ 37. Kg1 Rhd3 38. Re7 Rxd5
39. Raa7 Rf5 40. a4 Rd4 41. Re2 Rg4+ 42. Rg2 Rxg2+ 43. Kxg2 g5 44. a5 h5 45. a6
Ra5 46. Ra8 h4 47. a7 g4 48. Kf2 Ra2+
0-1

[Event "Sveins 6. Minneturnering"]
[Site "Oslo"]
[Date "2013.06.21"]
[Round "1"]
[White "Grotnes, Nils Ragnar"]
[Black "Sætre, Mathias"]
[Result "1-0"]
[WhiteElo "2182"]
[BlackElo "1798"]
[PlyCount "75"]
[EventDate "2013.??.??"]

1. d4 Nf6 2. c4 g6 3. Nc3 Bg7 4. e4 d6 5. Be2 O-O 6. Nf3 e5 7. O-O Nc6 8. d5
Ne7 9. Ne1 Ne8 10. Be3 f5 11. f3 f4 12. Bf2 g5 13. c5 Ng6 14. Rc1 Rf7 15. a4
Bf8 16. cxd6 cxd6 17. Nb5 a6 18. Na3 Rb8 19. Qb3 Bd7 20. Bb6 Qf6 21. Nd3 h5 22.
Nf2 Bh6 23. Rc3 Rg7 24. h3 Nh4 25. Nc4 Qg6 26. Qb4 Rh7 27. Kh1 Bf8 28. Rg1 g4
29. g3 fxg3 30. Rxg3 Qf6 31. fxg4 Kh8 32. g5 Qg6 33. Nxe5 Qg7 34. Nxd7 Qxd7 35.
Bxa6 Bg7 36. Bb5 Bxc3 37. Qxc3+ Qg7 38. Bd4
1-0

[Event "Sveins 6. Minneturnering"]
[Site "Oslo"]
[Date "2013.06.21"]
[Round "1"]
[White "Rødsmoen, Maud"]
[Black "Mellem, Nikolas Axel"]
[Result "0-1"]
[WhiteElo "1769"]
[BlackElo "2124"]
[PlyCount "66"]
[EventDate "2013.??.??"]

1. e4 c5 2. Nf3 e6 3. d4 cxd4 4. Nxd4 Nf6 5. Nc3 Nc6 6. Ndb5 Bb4 7. Nd6+ Ke7 8.
Nxc8+ Rxc8 9. Bd3 d5 10. exd5 Nxd5 11. Bd2 Nxc3 12. bxc3 Bd6 13. Qg4 Kf8 14.
Rb1 Qc7 15. h3 Ne5 16. Qe4 b6 17. O-O Nc4 18. Bxc4 Qxc4 19. Qf3 Ke7 20. Rfe1
Rhd8 21. Rbd1 Rc5 22. Re4 Qxa2 23. Rg4 Rf5 24. Qe4 Kf8 25. Bf4 Rd5 26. Re1 Bxf4
27. Rxf4 Rd1 28. Rxd1 Rxd1+ 29. Kh2 Qd5 30. Qxh7 Qe5 31. g3 Qe1 32. Qh8+ Ke7
33. Qxg7 Qg1#
0-1

[Event "Sveins 6. Minneturnering"]
[Site "Oslo"]
[Date "2013.06.21"]
[Round "1"]
[White "Mikalsen, Erlend"]
[Black "Amarapala, Sherington"]
[Result "1-0"]
[WhiteElo "2117"]
[BlackElo "1738"]
[PlyCount "59"]
[EventDate "2013.??.??"]

1. e4 e5 2. d4 exd4 3. Nf3 Nc6 4. Bc4 Nf6 5. O-O d6 6. Nxd4 Be7 7. Nc3 Ne5 8.
Bb3 O-O 9. f4 Ng6 10. Kh1 Re8 11. Nf3 Bf8 12. Ng5 Re7 13. e5 Bg4 14. exf6 Bxd1
15. fxe7 Bxe7 16. Nxf7 Qf8 17. Nxd6+ Kh8 18. Nf7+ Kg8 19. Rxd1 h5 20. f5 Nh4
21. Bg5 Bxg5 22. Nxg5+ Kh8 23. Nf7+ Kh7 24. Rf1 Re8 25. g3 Qe7 26. gxh4 Qxh4
27. Be6 c6 28. Rae1 Qf6 29. Ne4 g6 30. Nxf6+
1-0

[Event "Sveins 6. Minneturnering"]
[Site "Oslo"]
[Date "2013.06.21"]
[Round "1"]
[White "Eriksen, Dag"]
[Black "Mihajlov, Sebastian"]
[Result "0-1"]
[WhiteElo "1735"]
[BlackElo "2101"]
[PlyCount "68"]
[EventDate "2013.??.??"]

1. g3 d5 2. Bg2 Nf6 3. Nf3 c6 4. d3 Bf5 5. Nbd2 e6 6. O-O Nbd7 7. Re1 e5 8. c4
Be7 9. b3 O-O 10. Bb2 Bd6 11. e4 dxe4 12. Nxe4 Bb4 13. Re2 Re8 14. Nh4 Bg4 15.
f3 Nxe4 16. dxe4 Be6 17. Kh1 Qc7 18. Qc2 a5 19. a3 Bf8 20. Rd2 a4 21. b4 c5 22.
Qc3 Nb6 23. Bf1 cxb4 24. axb4 Nxc4 25. f4 exf4 26. Nf5 Bxf5 27. exf5 b5 28.
gxf4 Qxf4 29. Bxc4 Qxc4 30. Qg3 f6 31. Rg2 Qf7 32. Rc1 Rac8 33. Rgc2 Rxc2 34.
Rxc2 Qd5+
0-1

[Event "Sveins 6. Minneturnering"]
[Site "Oslo"]
[Date "2013.06.21"]
[Round "1"]
[White "Svensen, Tarjei Joten"]
[Black "Olsen, Ulrik"]
[Result "1-0"]
[WhiteElo "2094"]
[BlackElo "1733"]
[PlyCount "37"]
[EventDate "2013.??.??"]

1. Nf3 d5 2. c4 Nf6 3. cxd5 Nxd5 4. d4 e6 5. e4 Bb4+ 6. Bd2 Bxd2+ 7. Qxd2 Nf6
8. Nc3 O-O 9. Bd3 b6 10. Qe2 Bb7 11. O-O-O Qe7 12. Ng5 h6 13. h4 Nbd7 14. Bc2
c5 15. e5 hxg5 16. hxg5 Ne4 17. Nxe4 Bxe4 18. Qh5 f6 19. g6
1-0

[Event "Sveins 6. Minneturnering"]
[Site "Oslo"]
[Date "2013.06.21"]
[Round "1"]
[White "Bue, Gunnar"]
[Black "Christiansen, Johan-Sebastian"]
[Result "0-1"]
[WhiteElo "1683"]
[BlackElo "2086"]
[PlyCount "80"]
[EventDate "2013.??.??"]

1. d4 d5 2. c4 dxc4 3. e3 b5 4. a4 b4 5. Bxc4 Nf6 6. Qf3 c6 7. Ne2 e6 8. O-O
Be7 9. b3 O-O 10. a5 Bb7 11. a6 Bc8 12. Nd2 Qb6 13. e4 Nxa6 14. e5 Nd5 15. Ne4
Nac7 16. Qg3 Kh8 17. Bd3 Nb5 18. Qh3 g6 19. Bg5 Qd8 20. Qh4 Nbc7 21. f4 Rg8 22.
Rf3 Rg7 23. Rh3 Bxg5 24. fxg5 Kg8 25. Nf6+ Kf8 26. Nxh7+ Ke7 27. Nf6 Nc3 28.
Nxc3 bxc3 29. Qf4 Bb7 30. Rc1 a5 31. Rxc3 a4 32. Bc4 a3 33. b4 a2 34. Ra3 a1=Q+
35. Rxa1 Rxa1+ 36. Kf2 Ba6 37. Nd5+ Nxd5 38. Bxd5 Qxd5 39. Qf6+ Kd7 40. Qxg7
Ra2+
0-1

[Event "Sveins 6. Minneturnering"]
[Site "Oslo"]
[Date "2013.06.21"]
[Round "1"]
[White "Poulsen, Iver"]
[Black "Machlik, Endre"]
[Result "1/2-1/2"]
[WhiteElo "2086"]
[BlackElo "1650"]
[PlyCount "98"]
[EventDate "2013.??.??"]

1. e4 c6 2. c4 d5 3. exd5 cxd5 4. cxd5 Qxd5 5. Nc3 Qd8 6. d4 Nf6 7. Nf3 e6 8.
Bb5+ Bd7 9. Bc4 Bc6 10. O-O Bd6 11. Bg5 O-O 12. Ne5 Bxe5 13. dxe5 Qxd1 14.
Raxd1 Ne4 15. Nxe4 Bxe4 16. Rfe1 Bc6 17. Be3 Nd7 18. f4 Rfd8 19. Bb3 Nb6 20.
Bxb6 axb6 21. Kf2 Kf8 22. Rxd8+ Rxd8 23. Rd1 Rxd1 24. Bxd1 Ke7 25. g3 g6 26.
Ke3 Kd7 27. Kd4 Bd5 28. a3 Kc6 29. Ba4+ b5 30. Bc2 h5 31. Bd3 Bf3 32. Bc2 Bd5
33. b4 b6 34. Bd3 Bf3 35. Bf1 Bd5 36. Be2 Bg2 37. h4 Bd5 38. g4 hxg4 39. Bxg4
Kd7 40. h5 gxh5 41. Bxh5 Ke7 42. f5 Bc6 43. f6+ Ke8 44. Bd1 Kf8 45. Bc2 Ke8 46.
Bd3 Kf8 47. Bc2 Ke8 48. Bd3 Kf8 49. Bc2 Ke8
1/2-1/2

[Event "Sveins 6. Minneturnering"]
[Site "Oslo"]
[Date "2013.06.21"]
[Round "1"]
[White "Davis, Katherine S"]
[Black "Johansen, Stian"]
[Result "0-1"]
[WhiteElo "1637"]
[BlackElo "2081"]
[PlyCount "102"]
[EventDate "2013.??.??"]

1. e4 g6 2. d4 Bg7 3. Nc3 d6 4. Bc4 a6 5. a4 c5 6. Nge2 Nf6 7. f3 cxd4 8. Nxd4
Qb6 9. Ba2 O-O 10. Nb3 Nc6 11. Qe2 Nb4 12. Bb1 Be6 13. Be3 Qc7 14. Nd4 Bc4 15.
Qd2 d5 16. b3 e5 17. bxc4 exd4 18. Bxd4 dxe4 19. Nxe4 Nxe4 20. fxe4 Rad8 21.
Qxb4 Rxd4 22. O-O Rxc4 23. Qa3 Bd4+ 24. Kh1 Bxa1 25. Qxa1 Rxe4 26. Qa3 Qc4 27.
Qf3 Rfe8 28. c3 Rf4 29. Bd3 Rxf3 30. Bxc4 Rxf1+ 31. Bxf1 Re1 32. Kg1 Ra1 33.
Kf2 Rxa4 34. Be2 Ra2 35. Ke3 Rxe2+ 36. Kxe2 Kf8 37. Ke3 Ke7 38. Kd4 Kd6 39. Kc4
f5 40. g3 g5 41. h3 a5 42. Kb5 f4 43. gxf4 gxf4 44. c4 f3 45. c5+ Kd5 46. Kb6
f2 47. Kxb7 f1=Q 48. c6 Qb5+ 49. Kc7 Qxc6+ 50. Kd8 Kd6 51. h4 Qd7#
0-1

[Event "Sveins 6. Minneturnering"]
[Site "Oslo"]
[Date "2013.06.21"]
[Round "1"]
[White "Toby, Albert"]
[Black "Ellingsrud, Bjørn"]
[Result "1-0"]
[WhiteElo "2074"]
[BlackElo "1629"]
[PlyCount "37"]
[EventDate "2013.??.??"]

1. d4 d5 2. c4 dxc4 3. e3 e6 4. Bxc4 c5 5. Nf3 cxd4 6. exd4 Bb4+ 7. Nc3 Ba5 8.
O-O a6 9. d5 Bxc3 10. bxc3 b5 11. dxe6 fxe6 12. Qxd8+ Kxd8 13. Bb3 Nf6 14. Ng5
Re8 15. Rd1+ Kc7 16. a4 h6 17. Nf7 Bb7 18. Bf4+ Kb6 19. a5+
1-0

[Event "Sveins 6. Minneturnering"]
[Site "Oslo"]
[Date "2013.06.21"]
[Round "1"]
[White "Olsen, Jens Petter"]
[Black "Moseng, Geir"]
[Result "0-1"]
[WhiteElo "1605"]
[BlackElo "2068"]
[PlyCount "34"]
[EventDate "2013.??.??"]

1. e4 e6 2. d4 d5 3. exd5 exd5 4. Bf4 Bd6 5. Qd2 Bf5 6. c3 Nc6 7. Nf3 Nf6 8.
Bxd6 Qxd6 9. Bb5 O-O 10. O-O Ne4 11. Qd1 Bg4 12. Be2 Rae8 13. Nbd2 Qf4 14. Nxe4
Rxe4 15. Re1 Rfe8 16. g3 Qf6 17. Kg2 Rxe2
0-1

[Event "Sveins 6. Minneturnering"]
[Site "Oslo"]
[Date "2013.06.21"]
[Round "1"]
[White "Danielsen, Henrik"]
[Black "Hansen, Lars-Henrik Bech"]
[Result "1-0"]
[WhiteElo "2508"]
[BlackElo "2045"]
[PlyCount "65"]
[EventDate "2013.??.??"]

1. Nf3 Nf6 2. c4 g6 3. d4 Bg7 4. g3 O-O 5. Nc3 d6 6. Bg2 c6 7. O-O Qa5 8. e4 e5
9. d5 cxd5 10. cxd5 b5 11. Bg5 h6 12. Bxf6 Bxf6 13. Qd2 Bg7 14. b4 Qb6 15. Rfc1
f5 16. Nh4 Kh7 17. exf5 Bxf5 18. Nxf5 Rxf5 19. Ne4 Rf8 20. Rc2 a6 21. Rac1 Ra7
22. Bh3 Bf6 23. Be6 Be7 24. Rc8 Rxc8 25. Rxc8 Bd8 26. h4 a5 27. h5 axb4 28.
hxg6+ Kg7 29. Qe2 Ra3 30. Qg4 Rxa2 31. Qf5 Ra7 32. Qf6+ Bxf6 33. Rg8#
1-0

[Event "Sveins 6. Minneturnering"]
[Site "Oslo"]
[Date "2013.06.21"]
[Round "2"]
[White "Salomon, Johan"]
[Black "Hebden, Mark L"]
[Result "0-1"]
[WhiteElo "2229"]
[BlackElo "2548"]
[PlyCount "86"]
[EventDate "2013.??.??"]

1. e4 e5 2. Nf3 Nc6 3. Bc4 Nf6 4. d4 exd4 5. e5 d5 6. Bb5 Ne4 7. Nxd4 Bc5 8.
Be3 Bd7 9. Bxc6 bxc6 10. Nd2 Qh4 11. O-O O-O 12. Nxe4 Qxe4 13. Re1 Rfe8 14. Nb3
Bxe3 15. Rxe3 Qb4 16. c3 Qb6 17. Qd4 Re7 18. Rae1 Rb8 19. h4 a5 20. R1e2 Bc8
21. Nc5 Ba6 22. Re1 Rbe8 23. h5 Bc8 24. b4 axb4 25. cxb4 h6 26. a4 Bf5 27. Qf4
Be6 28. Rg3 Kh8 29. Ree3 Rg8 30. Ra3 Ree8 31. Qd4 Rb8 32. Rab3 Bf5 33. Rgf3 Bc2
34. Rb2 Bxa4 35. Rxf7 Bb5 36. Rd2 Bc4 37. Rb2 Qa7 38. Rb1 Qa2 39. Qb2 d4 40.
Qxa2 Bxa2 41. e6 Bxb1 42. e7 Rbe8 43. Nd7 Ba2
0-1

[Event "Sveins 6. Minneturnering"]
[Site "Oslo"]
[Date "2013.06.21"]
[Round "2"]
[White "Hillarp, Tiger"]
[Black "Fernandez Siles, Luis"]
[Result "1-0"]
[WhiteElo "2517"]
[BlackElo "2285"]
[PlyCount "73"]
[EventDate "2013.??.??"]

1. d4 Nf6 2. c4 g6 3. Nc3 Bg7 4. e4 d6 5. Nf3 O-O 6. Be2 e5 7. d5 a5 8. Bg5 h6
9. Bh4 Na6 10. Nd2 Qe8 11. O-O Bd7 12. Kh1 Nh7 13. Nb5 h5 14. f3 Bh6 15. a3 a4
16. b4 axb3 17. Nxb3 Be3 18. a4 f5 19. exf5 gxf5 20. f4 exf4 21. Bxh5 Qe5 22.
Be1 Bxb5 23. cxb5 Nc5 24. Nxc5 dxc5 25. d6 cxd6 26. Bf3 Nf6 27. Bxb7 Ra7 28.
Bf3 Ne4 29. b6 Rh7 30. h3 Rff7 31. Rb1 Qh8 32. Kh2 Ng5 33. Bg4 Qe5 34. Bh5 Rfg7
35. Bf3 Ne4 36. a5 Rg3 37. b7
1-0